Jaina tattvamimamsa aur syadvad/ (Record no. 21336)

000 -LEADER
fixed length control field 00349nam a22001451a 4500
020 ## - INTERNATIONAL STANDARD BOOK NUMBER
ISBN 9788188134564
082 ## - DEWEY DECIMAL CLASSIFICATION NUMBER
Classification number H 294.4
Item number PRA/J
100 ## - MAIN ENTRY--AUTHOR NAME
Personal name Pramod Yogarthi
245 ## - TITLE STATEMENT
Title Jaina tattvamimamsa aur syadvad/
Statement of responsibility, etc by Pramod Yogarthi
260 ## - PUBLICATION, DISTRIBUTION, ETC. (IMPRINT)
Place of publication New Delhi:
Name of publisher Satyam,
Year of publication 2006.
300 ## - PHYSICAL DESCRIPTION
Number of Pages 96p.
650 ## - SUBJECT ADDED ENTRY--TOPICAL TERM
Topical Term Jainism
650 ## - SUBJECT ADDED ENTRY--TOPICAL TERM
Topical Term Religion
942 ## - ADDED ENTRY ELEMENTS (KOHA)
Koha item type Book
Holdings
Withdrawn status Lost status Damaged status Not for loan Permanent Location Current Location Date acquired Cost, normal purchase price Full call number Accession Number Cost, replacement price Price effective from Koha item type
        Sree Sankaracharya University of Sanskrit Sree Sankaracharya University of Sanskrit 08.01.2015 250.00 H 294.4 PRA/J 056663 0.00 08.01.2015 Book